Más allá de las fronteras de la ciudad: la vida en el espacio de la exclusión = Beyond the city frontiers: life in space of exclusion /
Guardado en:
| Hovedforfatter: | |
|---|---|
| Andre forfattere: | |
| Format: | Texto |
| Tags: |
Tilføj Tag
Ingen Tags, Vær først til at tagge denne postø!
|
MARC
| LEADER | 00000 a a2200000 04500 | ||
|---|---|---|---|
| 001 | 48583 | ||
| 003 | |||
| 040 | |||
| 100 | |a Chacón Echeverría, Laura | ||
| 245 | |a Más allá de las fronteras de la ciudad: la vida en el espacio de la exclusión = |b Beyond the city frontiers: life in space of exclusion / |c Laura Chacón Echeverría, Jimmy Zúñiga Rodríguez | ||
| 700 | |a Zúñiga Rodríguez, Jimmy | ||
| 773 | |g número146, (2014), páginas 127-139 | ||
| 999 | |c 34479 |d 34479 | ||
| 773 | 0 | |0 18728 |9 1630 |a Universidad de Costa Rica |d San José, Costa Rica Editorial UCR 1956- |o 18147 |t Revista de Ciencias Sociales/ |x 04825276 | |
